<?xml version="1.0" encoding="UTF-8"?>
<record
    xmlns:xsi="http://www.w3.org/2001/XMLSchema-instance"
    xsi:schemaLocation="http://www.loc.gov/MARC21/slim http://www.loc.gov/standards/marcxml/schema/MARC21slim.xsd"
    xmlns="http://www.loc.gov/MARC21/slim">

  <leader>00695nam a22001577a 4500</leader>
  <controlfield tag="003">OSt</controlfield>
  <controlfield tag="005">20160208162253.0</controlfield>
  <controlfield tag="008">160208b        xxu||||| |||| 00| 0 eng d</controlfield>
  <datafield tag="040" ind1=" " ind2=" ">
    <subfield code="c">RUA</subfield>
  </datafield>
  <datafield tag="082" ind1=" " ind2=" ">
    <subfield code="a">MGR ENG 2004 B376 Or.1</subfield>
  </datafield>
  <datafield tag="100" ind1=" " ind2=" ">
    <subfield code="9">6987</subfield>
    <subfield code="a">ENG LENG ; &#x17A2;&#x17C1;&#x1784; &#x179B;&#x17C1;&#x1784;</subfield>
  </datafield>
  <datafield tag="245" ind1=" " ind2=" ">
    <subfield code="a">Assessment of possibilities in improving income of poor rural household in kampong cham province, &#x1780;&#x17B6;&#x179A;&#x179C;&#x17B7;&#x1797;&#x17B6;&#x1782;&#x1796;&#x17B8;&#x179B;&#x1791;&#x17D2;&#x1792;&#x1797;&#x17B6;&#x1796;&#x1794;&#x1784;&#x17D2;&#x1780;&#x17BE;&#x1793;&#x1785;&#x17C6;&#x178E;&#x17BC;&#x179B;&#x179A;&#x1794;&#x179F;&#x17CB;&#x1782;&#x17D2;&#x179A;&#x17BD;&#x179F;&#x17B6;&#x179A; &#x1780;&#x17D2;&#x179A;&#x17B8;&#x1780;&#x17D2;&#x179A;&#x1787;&#x1793;&#x1794;&#x1791; &#x1793;&#x17C5;&#x1780;&#x17D2;&#x1793;&#x17BB;&#x1784;&#x1781;&#x17C1;&#x178F;&#x17D2;&#x178F;&#x1780;&#x17C6;&#x1796;&#x1784;&#x17CB;&#x1785;&#x17B6;&#x1798;</subfield>
  </datafield>
  <datafield tag="260" ind1=" " ind2=" ">
    <subfield code="a">Phnom Penh </subfield>
    <subfield code="b">RUA </subfield>
    <subfield code="c">2004 </subfield>
  </datafield>
  <datafield tag="300" ind1=" " ind2=" ">
    <subfield code="a">xi ; 61p.</subfield>
    <subfield code="b">ill.</subfield>
    <subfield code="c">29cm.</subfield>
  </datafield>
  <datafield tag="942" ind1=" " ind2=" ">
    <subfield code="2">ddc</subfield>
    <subfield code="c">NRM</subfield>
  </datafield>
  <datafield tag="999" ind1=" " ind2=" ">
    <subfield code="c">6574</subfield>
    <subfield code="d">6574</subfield>
  </datafield>
  <datafield tag="952" ind1=" " ind2=" ">
    <subfield code="0">0</subfield>
    <subfield code="1">0</subfield>
    <subfield code="2">ddc</subfield>
    <subfield code="4">0</subfield>
    <subfield code="6">MGR_ENG_2004_000000000000000_B376_OR_1</subfield>
    <subfield code="7">0</subfield>
    <subfield code="9">37488</subfield>
    <subfield code="a">LBB</subfield>
    <subfield code="b">LBB</subfield>
    <subfield code="c">B376</subfield>
    <subfield code="d">2016-02-08</subfield>
    <subfield code="o">MGR ENG 2004 B376 Or.1</subfield>
    <subfield code="p">RUA050408</subfield>
    <subfield code="r">2016-02-08</subfield>
    <subfield code="w">2016-02-08</subfield>
    <subfield code="y">NRM</subfield>
  </datafield>
  <datafield tag="952" ind1=" " ind2=" ">
    <subfield code="0">0</subfield>
    <subfield code="1">0</subfield>
    <subfield code="2">ddc</subfield>
    <subfield code="4">0</subfield>
    <subfield code="6">MGR_ENG_2004_000000000000000_B376_OR_2</subfield>
    <subfield code="7">0</subfield>
    <subfield code="9">37489</subfield>
    <subfield code="a">LBB</subfield>
    <subfield code="b">LBB</subfield>
    <subfield code="c">B376</subfield>
    <subfield code="d">2016-02-08</subfield>
    <subfield code="o">MGR ENG 2004 B376 Or.2</subfield>
    <subfield code="p">RUA050410</subfield>
    <subfield code="r">2016-02-08</subfield>
    <subfield code="w">2016-02-08</subfield>
    <subfield code="y">NRM</subfield>
  </datafield>
  <datafield tag="952" ind1=" " ind2=" ">
    <subfield code="0">0</subfield>
    <subfield code="1">0</subfield>
    <subfield code="2">ddc</subfield>
    <subfield code="4">0</subfield>
    <subfield code="6">MGR_ENG_2004_000000000000000_B376_OR_3</subfield>
    <subfield code="7">0</subfield>
    <subfield code="9">37490</subfield>
    <subfield code="a">LBB</subfield>
    <subfield code="b">LBB</subfield>
    <subfield code="c">B376</subfield>
    <subfield code="d">2016-02-08</subfield>
    <subfield code="o">MGR ENG 2004 B376 Or.3</subfield>
    <subfield code="p">RUA049827</subfield>
    <subfield code="r">2016-02-08</subfield>
    <subfield code="w">2016-02-08</subfield>
    <subfield code="y">NRM</subfield>
  </datafield>
  <datafield tag="952" ind1=" " ind2=" ">
    <subfield code="0">0</subfield>
    <subfield code="1">0</subfield>
    <subfield code="2">ddc</subfield>
    <subfield code="4">0</subfield>
    <subfield code="6">MGR_ENG_2004_000000000000000_B376_OR_4</subfield>
    <subfield code="7">0</subfield>
    <subfield code="9">37491</subfield>
    <subfield code="a">LBB</subfield>
    <subfield code="b">LBB</subfield>
    <subfield code="c">B376</subfield>
    <subfield code="d">2016-02-08</subfield>
    <subfield code="o">MGR ENG 2004 B376 Or.4</subfield>
    <subfield code="p">RUA051829</subfield>
    <subfield code="r">2016-02-08</subfield>
    <subfield code="w">2016-02-08</subfield>
    <subfield code="y">NRM</subfield>
  </datafield>
</record>
